Vista normal
Vista MARC
Entrada Materia (corporativa)
Número de registros utilizados en: 1
001 - CONTROL NUMBER
- control field: 163400
003 - CONTROL NUMBER IDENTIFIER
- control field: Co-BoUCM
005 - DATE AND TIME OF LATEST TRANSACTION
- control field: 20211111074554.0
008 - FIXED-LENGTH DATA ELEMENTS
- fixed length control field: 211111|| aca||aabn | a|a d
040 ## - CATALOGING SOURCE
- Original cataloging agency: Co-BoUCM
- Transcribing agency: Co-BoUCM
110 ## - HEADING--CORPORATE NAME
- Corporate name or jurisdiction name as entry element: Universidad Distrital Francisco José de Caldas.
- Subordinate unit: Instituto para la Pedagogía, la Paz y el Conflicto Urbano. IPAZ.UD
670 ## - SOURCE DATA FOUND
- Source citation: Work cat.: (Co-BoUCM)52186: Cátedra democracia y ciudadanía memorias, 2005